Ekonomické a ekologické prínosy využívania výrobného odpadu diplomová práca

Salvato in:
Dettagli Bibliografici
Autore principale: Petro, Marián
Ente Autore: Fakulta podnikového manažmentu EU. Katedra manažmentu výroby a logistiky - zrušená
Altri autori: Vybíralová, Júlia
Natura: Libro
Lingua:slovacco
Pubblicazione: Bratislava 2014
Tags: Aggiungi Tag
Nessun Tag, puoi essere il primo ad aggiungerne!!

MARC

LEADER 00000nbm a2200000 4500
001 0188138
005 20170201093522.9
041 0 |a slo 
044 |a SK 
245 1 0 |a Ekonomické a ekologické prínosy využívania výrobného odpadu  |b diplomová práca  |c Marián Petro ; školiteľ: Júlia Vybíralová 
264 1 |a Bratislava  |c 2014 
300 |a 71 s. 
100 1 |a Petro, Marián 
700 1 |a Vybíralová, Júlia 
710 2 |a Fakulta podnikového manažmentu EU. Katedra manažmentu výroby a logistiky - zrušená